00701nam a2200265Ia 450000500170000000800460001702000180006303700100008104000080009104000080009904000080010704100080011504100080012308400080013110000270013924500490016626000230021526000090023836500050024736500080025285600530026094200100031399900210032395200910034420260324114831.0008 260324s9999 xx 000 0 eng d a9781003109303 aEBOOK aCRL beng cCRL 2eng aeng qCRL aDean G. Duffy91151343 0aAdvanced Engineering Mathematics with MATLAB bTaylor and Francis c2021 a b240 uhttp://www.taylorfrancis.com/books/9781003109303 cEBOOK c1742753d1742753 00104070aCRLbCRLd2026-03-24l0pCL2024967r2026-03-24 11:48:31w2026-03-24yEBOOK